000 00774nam a2200253 i 4500
001 140731
003 ES-MaACL
005 20250811111650.0
007 t|
008 070917s1946 ag af |||| | spa d
080 _a391(09)
100 1 _aWilcox, R. Turner.
_9116810
245 1 3 _aLa moda en el vestir /
_cR. Turner Wilcox ; [traducción de Bruno Guterbock y María Luisa Roth].
250 _a1ª ed.
260 _aBuenos Aires :
_bCenturión,
_c1946.
300 _a503 p., [59] h. de lám. :
_bil ;
_c24 cm.
490 1 _aColección arte
650 1 4 _aModa.
_915119
700 1 _aGuterbock, Bruno.
_9150103
700 1 _aRoth, María Luisa.
_999956
830 0 0 _aColección arte
_9189462
852 _aES-MaACL
_jF-5229
999 _c140731
_d140731